Flagi Świata Z Tylko Dwoma Kolorami - Statystyki

Ogólne statystyki
  • Ten quiz został rozwiązany 40 razy
    10 od ostatniego zresetowania
  • Średni wynik to 20 z 37
Statystyki odpowiedzi
Odpowiedzi % Poprawnych
Chiny
100%
Dania
100%
Polska
100%
Arabia Saudyjska
80%
Finlandia
80%
Gruzja
80%
Kazachstan
80%
Szwecja
80%
Afganistan
60%
Albania
60%
Austria
60%
Bahrajn
60%
Bangladesz
60%
Grecja
60%
Japonia
60%
Katar
60%
Maroko
60%
Mikronezja
60%
Peru
60%
Somalia
60%
Tonga
60%
Tunezja
60%
Turcja
60%
Indonezja
40%
Izrael
40%
Kanada
40%
Kirgistan
40%
Monako
40%
Palau
40%
Szwajcaria
40%
Ukraina
40%
Wietnam
40%
Honduras
20%
Łotwa
20%
Pakistan
20%
Macedonia Północna
0%
Singapur
0%
Nie znaleziono quizów pasujących do podanych kryteriów
Rozkład punktacji
Procent ludzi z każdym wynikiem
Percentyl według liczby udzielonych odpowiedzi
Twoja historia wyników
Nie rozwiązałeś tego quizu od ostatniego zresetowania